[Event "I Torneo Entre Faros"]
[Site "?"]
[Date "2013.10.07"]
[Round "3"]
[White "Cheparinov, Ivan"]
[Black "Granda, Julio"]
[Result "1-0"]
[WhiteElo "2672"]
[BlackElo "2665"]
[Annotator "MF Oscar de Prado"]
[PlyCount "195"]
[SourceDate "2010.01.11"]

1. d4 Nf6 2. c4 e6 3. Nc3 Bb4 4. Nf3 b6 {Granda cambia de linea para evitar la
preparacion de su rival,este ano haba jugado la mas incisiva c5} (4...
c5 5. g3 Ne4 6. Qd3 cxd4 7. Nxd4 Bxc3+ 8. bxc3 Nc5 9. Qe3 b6 10. Bg2 Bb7 11.
Bxb7 Nxb7 12. Ba3 Na6 13. Nf5 Qf6 14. Nd6+ Nxd6 15. Bxd6 Rc8 16. Rd1 Rxc4 17.
O-O Rxc3 18. Qd2 Rc4 19. Be5 Qd8 20. Qd3 d5 21. Bxg7 Rg8 22. Qxh7 Ke7 23. f4
Nc5 24. f5 Kd6 25. fxe6 fxe6 26. Bf6 Qb8 27. Bd4 Ne4 28. Rf7 Ng5 29. Rd7+ Kc6
30. Rc7+ Qxc7 31. Qxg8 Qe7 32. Qa8+ Kb5 33. Rb1+ Rb4 34. a4+ Kc4 35. Rd1 Qd7
36. Be3 Ne4 37. Rc1+ Kb3 38. Rb1+ Kc4 39. Rc1+ Kb3 40. Rb1+ Kc4 41. Rc1+ {
1/2-1/2 (41) Vazquez Igarza,R (2571)-Granda Zuniga,J (2679) Benasque ESP 2013})
(4... d5) (4... Nc6) (4... O-O) 5. Qc2 (5. Bg5) (5. Qb3) 5... Bb7 6. Bg5 (6. a3
) (6. e3) (6. Bd2) 6... c5 (6... h6 7. Bh4 Be4 (7... g5 8. Bg3 Ne4 9. e3 f5 10.
Bd3 Bxc3+ 11. bxc3 d6 12. d5 exd5 13. cxd5 Bxd5 14. Nd4 Qf6 15. f3 Nxg3 16.
hxg3 Nd7 17. Bxf5 O-O-O 18. O-O-O Bb7 19. g4 Kb8 20. Bxd7 Rxd7 21. Nf5 Rdh7 22.
Rh5 Bc6 23. Rdh1 Be8 24. R5h3 h5 25. gxh5 Rxh5 26. Rxh5 Rxh5 27. Rxh5 Bxh5 28.
g4 Bf7 29. Qd2 Qe6 30. Kb1 Qc4 31. Ng3 a5 32. Ne2 a4 33. Nc1 Qb5+ 34. Qb2 Bg6+
35. e4 Qe5 36. Nd3 Qf6 37. Ne1 d5 38. c4 Qxb2+ 39. Kxb2 dxe4 40. Ka3 c5 41.
Kxa4 Kc7 42. Kb5 Be8+ 43. Ka6 e3 44. Nd3 e2 45. Ne1 Bc6 46. a3 Be8 47. Ng2 Bd7
{0-1 (47) Lauber,A (2517)-Movsesian,S (2711) Berlin GER 2010}) 8. Qb3 Nc6 9.
O-O-O Bxc3 10. Qxc3 a5 11. a3 a4 12. Nd2 Bh7 13. d5 Na5 14. e4 O-O 15. Bxf6
Qxf6 16. Qxf6 gxf6 17. Bd3 c6 18. dxc6 dxc6 19. Rhe1 Rfd8 20. Bc2 Rd4 21. Bxa4
Nxc4 22. Bc2 Nd6 23. f3 f5 24. Nb3 Rxd1+ 25. Rxd1 Nc4 26. exf5 c5 27. Be4 Rf8
28. g4 exf5 29. gxf5 Kg7 30. f6+ Kh8 31. Rd7 Bxe4 32. fxe4 Kh7 33. Nd2 Ne5 34.
Re7 Ng4 35. h3 Nxf6 36. Nc4 b5 37. Nd6 b4 38. a4 Kg6 39. a5 Rd8 40. Nc4 Ne8 41.
Re5 Rd4 42. Rxc5 Rxe4 43. a6 Re1+ 44. Kc2 Ra1 45. Na5 Nc7 46. a7 f5 47. Kb3 f4
48. Kxb4 f3 49. Rxc7 f2 50. a8=Q f1=Q 51. Qg8+ {
1-0 (51) Dreev,A (2662)-Markos,J (2565) Montcada ESP 2009}) (6... O-O) 7. a3 (
7. e3 Bxf3 8. gxf3 cxd4 9. exd4 O-O 10. O-O-O Bxc3 11. Qxc3 Ne4 12. fxe4 Qxg5+
13. Kb1 Nc6 14. Qg3 Qxg3 15. hxg3 f5 16. exf5 exf5 17. c5 g6 18. f4 Kg7 19. Bb5
Rab8 20. d5 Nd4 21. Rxd4 bxc5 22. Ra4 Rxb5 23. Rxa7 Rf7 24. Re1 c4 25. Rc7 Rxd5
26. Rxc4 Rd3 27. a4 d5 28. Rb4 Rxg3 29. a5 Ra7 30. Rb5 Rf3 31. b4 Rxf4 32. Rb6
Rc7 33. Rc1 Rxc1+ 34. Kxc1 Rf1+ 35. Kb2 Rf2+ 36. Kb3 Rf3+ 37. Kb2 Rf2+ 38. Kb3
Rf3+ 39. Ka2 Rf2+ 40. Ka3 Rf3+ 41. Ka2 Rf2+ 42. Kb3 {
1/2-1/2 (42) Dreev,A (2658)-Istratescu,A (2619) Poikovsky 2007}) (7. dxc5 bxc5
8. a3 Bxc3+ 9. Qxc3 O-O 10. e3 d6 11. Rd1 (11. Bd3 Nbd7 12. O-O Rb8 13. Nd2 Ne5
14. Bc2 h6 15. Bf4 Ng6 16. Bg3 Nh5 17. Bxg6 fxg6 18. b4 Nxg3 19. hxg3 Qf6 20.
Rac1 cxb4 21. axb4 d5 22. Qa1 dxc4 23. Rxc4 Bd5 24. Rd4 Qf7 25. Qa5 Bc6 26. Nc4
Rb5 27. Qa6 Qc7 28. Nd6 Rd5 29. Rxd5 Bxd5 30. e4 Ba8 31. f3 Rb8 32. Nc4 Bc6 33.
Rc1 Bd7 34. Qd6 Rc8 35. Rd1 Qxc4 36. Qxd7 Kh7 37. Qxa7 Qxb4 38. Qd4 {1/2-1/2 (3
8) Rowson Jonathan (SCO) (2572)-Naiditsch Arkadij (GER) (2623) France 2005})
11... Nbd7 12. Rxd6 Qc7 13. Bxf6 Nxf6 14. Rd3 Ne4 15. Qe5 Qa5+ 16. b4 Qa4 17.
Qb2 cxb4 18. Qxb4 Qc2 19. Be2 Rac8 20. Nd4 Qc1+ 21. Rd1 Qc3+ 22. Kf1 Ba6 23. f3
Rb8 24. Nb5 Qf6 25. Rd4 Rfc8 26. a4 Nc5 27. Kf2 e5 28. Rd5 Ne4+ 29. Kg1 Bb7 30.
Rd1 Nc5 31. Qa3 e4 32. f4 Nd3 33. Nd6 Rd8 34. c5 Bc6 35. Bxd3 exd3 36. Qxd3 Rb2
37. Ne4 Rxd3 38. Nxf6+ gxf6 39. Rxd3 Rb1+ 40. Kf2 Rxh1 41. Rd6 Be4 42. h3 Rh2
43. Rd4 Rxg2+ 44. Kf1 Bf3 45. Rd7 a6 46. Ra7 Ra2 47. c6 Bxc6 48. Rxa6 Bxa4 49.
Rxf6 Rh2 50. Rh6 Bd7 51. Rd6 Bxh3+ 52. Kg1 Rg2+ {
0-1 (52) Loeffler,S (2429)-Van den Doel,E (2560) Neukoelln GER 2005}) 7...
Bxc3+ (7... Ba5 8. O-O-O Bxc3 9. Qxc3 Ne4 10. Bxd8 Nxc3 11. bxc3 Kxd8 12. d5
Ke7 13. e4 d6 14. Bd3 Nd7 15. Rhe1 Rad8 16. Kc2 Kf6 17. a4 g5 18. Rb1 g4 19.
Nd2 Rhg8 20. Nf1 h5 21. Ne3 Bc8 22. Ra1 Ke7 23. Kd2 Ne5 24. Be2 Kd7 25. Rf1 Kc7
26. a5 bxa5 27. Rxa5 a6 28. f4 gxf3 29. gxf3 Ng6 30. dxe6 fxe6 31. f4 Kb6 32.
Ra2 Bb7 33. f5 exf5 34. Rxf5 Ne5 35. Rxh5 Rh8 36. Rb2+ Kc7 37. Rxh8 Rxh8 38.
Nd5+ Bxd5 39. cxd5 Rxh2 40. Ra2 Nf3+ 41. Ke3 Ng1 42. Bc4 Rxa2 43. Bxa2 a5 44.
Bb3 Nh3 45. Ba4 Ng5 46. Kf4 Nf7 47. Kf5 Ne5 48. Ke6 Nc4 49. Bb5 Ne5 50. Ba4 Nc4
51. Bb5 Nb6 52. e5 a4 53. Bxa4 Nxa4 54. Ke7 Nb6 55. exd6+ Kc8 56. c4 Nd7 57.
Ke8 Ne5 58. Ke7 Nd7 59. Ke8 Nb6 60. Ke7 {
1/2-1/2 (60) Iturrizaga,E (2470)-Illescas Cordoba,M (2605) Morella 2008}) (7...
cxd4 8. Nxd4 Be7) 8. Qxc3 (8. bxc3 $5) 8... Ne4 $5 {Solo hay 4 partidas con
esta jugada,Granda trata de simplificar para evitar el juego tactico de su
rival} (8... O-O 9. e3 h6 10. Bh4 Bxf3 11. gxf3 cxd4 12. Qxd4 Nc6 13. Qc3 Rc8
14. Rg1 e5 15. Bh3 Rc7 16. Rd1 Qe7 17. Qd3 g5 18. Qf5 Nh5 19. Rxd7 Rxd7 20.
Qxd7 Qxd7 21. Bxd7 Nb8 22. Ba4 f5 23. Bxg5 hxg5 24. Rxg5+ Ng7 25. Rg6 Kf7 26.
Rh6 Ke7 27. b4 Ne6 28. h4 Rf6 29. Rh8 Rf8 30. Rh6 Rf6 31. Rh8 Nf8 32. Bb3 Nc6
33. Rh5 Ne6 34. Bc2 Ng7 35. Rh7 Kf7 36. Rh8 Rd6 37. Rc8 a5 38. Rc7+ Kf8 39. c5
bxc5 40. b5 Ne7 41. Ra7 c4 42. Rxa5 Ne6 43. Ra6 Rxa6 44. bxa6 Nc7 45. a7 Nc8
46. Bxf5 Nxa7 47. a4 c3 48. Kd1 Na6 49. Kc2 Nc5 50. Kxc3 Nxa4+ 51. Kb4 Nb6 52.
Kc5 Nac8 53. Bg4 Na4+ 54. Kb5 Ncb6 55. Bf5 Kg7 56. Bc2 Kh6 57. Bxa4 Nd5 58. Kc5
Nf6 59. Kd6 e4 60. Ke5 Kg7 61. fxe4 Ng4+ 62. Kf4 Nxf2 63. Bc2 {
1-0 (63) Efimenko,Z (2616)-Carlsson,P (2492) Gibraltar 2007}) 9. Bxd8 Nxc3 10.
Bh4 (10. Bc7 $5 Ne4 (10... Na6 11. Bxb6 axb6 12. bxc3) 11. dxc5 bxc5 (11...
Nxc5 12. b4 $14) 12. Rd1 $14) 10... Ne4 11. e3 (11. dxc5) 11... Nc6 (11... f6)
(11... h6) 12. dxc5 bxc5 (12... Nxc5 13. b4 Ne4 14. Nd2) 13. Bd3 (13. Nd2 Nxd2
14. Kxd2 a5 15. b3 f6 16. Be2 Ke7 17. Rab1 Ra6 18. f3 Rb6 19. Kc2 Ba6 20. Rhc1
{1/2-1/2 (20) Akobian Varuzhan (USA) (2556)-Stein Alex (USA) (2362) Las Vegas
(USA) 2005}) 13... Ne7 14. Nd2 Nxd2 15. Kxd2 Nf5 $6 {Granda pensaba que esta
jugada igualaba pero reconocio que no vio la idea Ag3-d6,a pesar de los
alfiles de distinto color la presencia de las torres otorga ventaja a las
blancas.} (15... Bxg2 $6 16. Rhg1 Ng6 17. Bg3 $1 (17. Rxg2 Nxh4 18. Rxg7 Ng6
$19) 17... Bb7 18. Bd6 Rc8 19. b4 $14) (15... Ng6 16. Bg3 (16. Bxg6 hxg6 $17)
16... Ke7 $11 17. f3 a5 $11) 16. Bxf5 exf5 17. b4 (17. Kc3 $14) 17... f6 18. f3
d5 $5 (18... Ke7) (18... Rc8) (18... O-O-O) 19. bxc5 (19. cxd5 Bxd5 20. bxc5
O-O-O 21. Kc3 Rhe8 $44) 19... O-O-O $6 (19... dxc4) 20. Bg3 $1 $14 dxc4+ 21.
Bd6 Rhe8 22. Rhc1 Bd5 23. Rab1 Kd7 24. Rb5 g5 {
Granda tiene que crear contrajuego en el flanco de rey} 25. Ra5 Ra8 26. Rb1 (
26. Re1 g4) 26... h5 27. Rb4 (27. Ra6) 27... h4 28. Rba4 (28. h3 a6 29. Rb6 g4
$1 $11) 28... h3 (28... a6 29. Rxa6 Rxa6 30. Rxa6 h3 $11) 29. gxh3 Bxf3 30.
Rxc4 Bc6 {Granda entrega un peon pero intenta que la torre blanca quede
fuera de juego y conseguir compensacion.} 31. h4 (31. Bg3) 31... Re4 (31...
Rh8 32. hxg5 fxg5 33. Be5 $14) 32. Rxe4 fxe4 33. h5 a6 34. Kc3 Bb5 (34... Ke6)
35. Kd4 Ke6 (35... Rh8 36. a4 Bd3 37. Kd5 $16) 36. h6 (36. Kxe4) 36... Rh8 37.
a4 Bd3 38. Bg3 Rd8+ 39. Kc3 Rc8 40. h7 Kd7 41. c6+ {
Cheparinov devuelve el peon para activaar la torre} Kxc6 42. Kb4 Kd7 43. Rc5
Rh8 44. Rc7+ Ke6 45. Be1 {Cheparinov comento que era mejor evitar el paso del
rey negro con venatja blanca.} (45. h3 Kf5 46. Rg7 Bf1 47. h4 $14) 45... Kf5
46. Rg7 Kg4 $1 47. Bc3 Kh5 48. Bxf6 Kh6 {
justo a tiempo Granda consigue defenderse} 49. Rg8 Rxh7 50. Bxg5+ Kh5 51. Bf4
Kh4 52. Rg6 Rh5 53. Bg3+ Kh3 54. Bc7 Rf5 55. Rg3+ Kh4 56. Bd8+ Kh5 57. Rg8 Rf3
58. Bb6 {Cheparinov la va a dar mil vueltas pero ambos jugadores consideraban
la posicion como igualdad pero Granda tenia poco tiempo.} Kh4 59. Kc3 Kh3 60.
Rh8+ Kg4 61. Kd4 Rh3 62. Rg8+ Kf3 63. Bc7 Rh5 64. Be5 Bc2 65. a5 Bd3 66. Rg6
Rh7 67. Bd6 Rh5 68. Be5 Rh7 69. Rd6 Kg2 70. Rf6 Rh5 71. Rf8 Rh7 72. Kd5 Rh3 73.
Kd4 Rh7 74. Rf5 Rh6 75. Kd5 Rh7 76. Bf4 Kh3 77. Kc6 Kh4 78. Rf6 Rh5 79. Bc7 Kg4
80. Rf8 Rh6+ 81. Kd5 Rh7 82. Bb6 Kg5 83. Bd8+ Kg4 84. h4 {Por fin comineza el
plan dde avanzar el peon h que es lo unico para intentar ganar} Rb7 85. Rg8+
Kf3 86. Bg5 Rb5+ 87. Kd6 Kg4 (87... Rxa5 88. h5 $18) 88. Bd8+ Kf3 (88... Kh5
$11) 89. Bb6 Rh5 90. Rf8+ Kg3 (90... Ke2) 91. Bd8 Rb5 92. Rf4 Kh3 93. Ke6 Rc5
$6 (93... Kg3 94. Rf5 Bc4+ 95. Kf6 Kxh4 96. Rf4+ Kg3 97. Rxe4 $14) 94. Kf7 $16
Rd5 95. Bg5 Be2 (95... Kg3 96. Kf6 Be2 97. Rf5 $16) 96. Kg6 $18 Rd6+ 97. Bf6
Rd5 98. Rf5 {el peon h es imparable} 1-0

[Event "I Torneo entre Faros"]
[Site "?"]
[Date "2013.10.06"]
[Round "2"]
[White "Granda, Julio"]
[Black "Bruzon, Lazaro"]
[Result "1-0"]
[WhiteElo "2665"]
[BlackElo "2685"]
[Annotator "MF Oscar de Prado"]
[PlyCount "84"]
[SourceDate "2010.01.11"]

1. c4 Nf6 2. g3 e6 3. Bg2 d5 4. Nf3 dxc4 (4... Be7) 5. Qa4+ c6 (5... Bd7) (5...
Nbd7) 6. Qxc4 b5 7. Qc2 (7. Qb3 Bb7 8. O-O Nbd7 9. d4 a6 10. Ne5 Qb6 11. Be3 c5
12. Nxd7 Nxd7 13. d5 e5 14. a4 b4 15. Nd2 Bd6 16. Nc4 Qc7 17. f4 O-O 18. Rac1
exf4 19. Bxf4 Bxf4 20. gxf4 a5 21. e4 Rae8 22. e5 Ba6 23. Rfe1 Kh8 24. Nd6 Re7
25. Qe3 Qd8 26. b3 g5 27. Kh1 Qb8 28. Qf2 gxf4 29. Qxf4 Bd3 30. Re3 Bg6 31. Rf1
Rxe5 32. Rxe5 Qxd6 33. Re8 Qxf4 34. Rxf8+ Kg7 35. Rxf4 Kxf8 36. d6 Ne5 37. Bf1
Bc2 38. Bb5 f5 39. Kg2 c4 40. Bxc4 Be4+ 41. Kg3 Nxc4 42. bxc4 Ke8 43. c5 Bc6
44. Rxf5 Bxa4 45. Re5+ Kd8 46. Re7 Bc6 47. Rc7 {
1-0 (47) Carlsen,M (2864)-Nakamura,H (2784) Moscow RUS 2013}) 7... Bb7 8. d4 (
8. O-O Nbd7 (8... c5 9. a4 (9. d3 Nbd7 10. Nc3 a6 11. a4 Bc6 12. e4 b4 13. Nb1
Rc8 14. Nbd2 Be7 15. Nc4 O-O 16. Bf4 Nb6 17. Nce5 Be8 18. a5 Na8 19. Nc4 Bb5
20. Rfd1 Nd7 21. Nfd2 Nb8 22. Nb3 Nc6 23. Be3 Nd4 24. Bxd4 cxd4 25. e5 Bc6 26.
Bxc6 Rxc6 27. Re1 Qd5 28. Re4 Bc5 29. Qe2 Ba7 30. Nbd2 Nc7 31. Qh5 h6 32. Rg4
f5 33. Rg6 Kh8 34. Nf3 Qd7 35. Re1 f4 36. Nd6 fxg3 37. hxg3 Rc2 38. Re4 Nd5 39.
Rxh6+ {1-0 (39) Strikovic ,A (2535)-Pogorelov,R (2462) Calvia, Mallorca 2006})
9... b4 10. d3 Be7 11. Nbd2 O-O 12. Nc4 Nc6 13. e4 Rc8 14. Be3 Ba6 15. Nfe5 Nd4
16. Qd1 Nd7 17. Nxd7 Qxd7 18. b3 Rfd8 19. Ra2 Nc6 20. Rd2 Bf6 21. Qh5 Bc3 22.
Rdd1 Nd4 23. Rb1 g6 24. Qg4 h5 25. Qg5 Ne2+ 26. Kh1 Qxd3 27. Bxc5 Bxc4 28. bxc4
Qxc4 29. Bxa7 b3 30. f4 Qxa4 31. f5 exf5 32. exf5 Bd2 33. Be3 Bxe3 34. Qxe3 Qe8
35. Qxe8+ Rxe8 36. fxg6 fxg6 {
1/2-1/2 (36) Nguyen Ngoc Truong Son (2616)-Grachev,B (2653) Moscow RUS 2010})
9. Nc3 a6 10. e4 c5 11. d4 cxd4 12. Nxd4 Rc8 13. Qe2 Bc5 14. Rd1 Qb6 15. Nb3
Bb4 16. Be3 Qc7 17. Nxb5 axb5 18. Qxb5 Be7 19. Na5 Ba8 20. Rac1 Qb8 21. Rxc8+
Qxc8 22. Rc1 Qd8 23. Nc6 Bxc6 24. Qxc6 O-O 25. h3 Qb8 26. b3 Ne5 27. Qc2 Rd8
28. a4 Bb4 29. Qc7 Qxc7 30. Rxc7 h6 31. Rb7 Rd1+ 32. Bf1 Bc3 33. Kg2 Nxe4 34.
b4 Ra1 35. a5 Nd6 36. Rb8+ Kh7 37. a6 Ndc4 38. Bf4 Rxa6 39. Bxe5 Bxe5 40. Bxc4
Bxb8 {1/2-1/2 (40) Kramnik,V (2791)-Ponomariov,R (2744) Moscow RUS 2010}) 8...
Nbd7 9. a4 Rc8 (9... c5 10. O-O (10. axb5 cxd4 11. O-O Bc5 12. Bg5 Rc8 13. Nbd2
O-O 14. Qd3 h6 15. Bxf6 Qxf6 16. Ng5 Qxg5 17. Bxb7 Rc7 18. f4 Qe7 19. Bc6 Nf6
20. Nc4 Nd5 21. Bxd5 exd5 22. Ne5 Re8 23. Rf2 Bb6 24. Kg2 Qb4 25. Rb1 Rc5 26.
Qf5 Rc7 27. Qd3 Qd6 28. Rd1 Rcc8 29. h4 f6 30. Qg6 Qe6 31. Nc6 d3 32. Qxd3 Bxf2
33. Kxf2 Kh8 34. f5 Qd7 35. Qxd5 Qb7 36. Rd4 a6 37. Ne5 Qxd5 38. Ng6+ Kh7 39.
Rxd5 axb5 40. Rxb5 Rb8 41. Rxb8 Rxb8 42. Nf4 Rxb2 43. Nh5 Rb5 44. g4 Kg8 45.
Kf3 Kf7 46. Ng3 Rb4 47. Nh5 Rb3+ 48. e3 Rb2 49. Nf4 Rh2 50. Kg3 Rh1 51. Nh5 Kf8
52. Nf4 Kf7 53. Nh5 g6 54. fxg6+ Kxg6 55. Nf4+ Kf7 56. h5 Rg1+ {
1/2-1/2 (56) Timman,J (2670)-Lautier,J (2596) Malmoe 1999 CBM 72 [Lautier]})
10... b4 11. Bg5 Rc8 12. Nbd2 Be7 13. Rfc1 O-O 14. Qd3 h6 15. Bxf6 Bxf6 16. e3
Rc7 17. Qe2 Qc8 18. Qb5 a6 19. Qf1 a5 20. b3 Rd8 21. Qb5 Bc6 22. Qe2 Qb7 23.
Nc4 Qa8 24. Ra2 cxd4 25. exd4 Bd5 26. Rac2 Rdc8 27. Qd1 Qa6 28. Nfe5 Bxe5 29.
Bxd5 Bxg3 30. hxg3 exd5 31. Ne3 Rxc2 32. Rxc2 Nf6 33. Rc5 Rxc5 34. dxc5 Qc6 35.
Qd4 g6 36. Qe5 Nd7 37. Qd6 Qxd6 38. cxd6 Kf8 39. Nxd5 Nc5 40. Kf1 Ke8 41. Nb6
Nxb3 42. Ke2 Nc5 43. f3 h5 44. Ke3 b3 {0-1 (44) Bruzon,L (2652)-Anand,V (2786)
Wijk aan Zee NED 2005 Inforchess Magazine 13 [IM Hector Leyva]}) (9... b4 10.
Ne5 (10. O-O) (10. Bg5) 10... Qc8 11. Nxd7 Qxd7 12. O-O c5 13. Bxb7 Qxb7 14.
dxc5 Rc8 15. Be3 Bxc5 16. Bxc5 Nd7 {
1/2-1/2 (16) Beliavsky,A (2650)-Zvjaginsev,V (2658) Portoroz 76/(443) 1999}) (
9... a6) 10. Ne5 {Novedad, se juega normalmente enroque} (10. O-O Be7 (10... b4
) (10... c5) (10... Qb6 11. Ne5 c5 12. Bxb7 Qxb7 13. axb5 cxd4 14. Nc6 a6 15.
Qd1 axb5 16. Nxd4 Bc5 17. Ra5 O-O 18. Nc3 b4 19. Na4 Rfd8 20. Bg5 Be7 21. Qb3
h6 22. Bxf6 Nxf6 23. Nf3 Qe4 24. Ra7 Nd5 25. Re1 Bf6 26. Ra5 Be7 27. Nd2 Qd4
28. Nf3 Qe4 29. Nd2 Qg4 30. Qf3 Qg6 31. Nb3 Ra8 32. e4 Nf6 33. Rxa8 Rxa8 34.
Nb6 Rb8 35. Nc4 Rc8 36. Ne5 Qg5 37. Nd3 Qb5 38. e5 Nd5 39. Ra1 g6 40. Nd4 Qb6
41. Nb3 Kg7 42. Qe4 Qb5 43. Rc1 Rd8 44. Nd4 Qd7 45. Nf3 Nc3 46. bxc3 Qxd3 47.
Qxd3 Rxd3 48. Kg2 Rxc3 49. Rxc3 bxc3 50. Nd4 Bc5 51. Nc2 f5 52. f3 g5 53. g4
Bb6 54. f4 fxg4 55. fxg5 h5 56. h3 gxh3+ 57. Kxh3 Kg6 {
0-1 (57) Rozum,I (2468)-Yemelin,V (2584) St Petersburg 2011}) 11. Bg5 O-O 12.
Ne5 h6 13. Bxf6 Bxf6 14. Rd1 Bxe5 15. dxe5 Qe7 16. Nc3 Nxe5 17. Ne4 Rcd8 18.
Qc5 Qxc5 19. Nxc5 Bc8 20. a5 g5 21. h3 Kg7 22. e3 Kf6 23. b3 Ke7 24. f4 Nd7 25.
Nd3 gxf4 26. exf4 Rg8 27. Kf2 Nb8 28. Rac1 Rd6 29. Bf3 Rgd8 30. Ke3 f6 31. g4
Na6 32. Bxc6 Nc7 33. b4 Na6 34. Ke2 Rd4 35. Bxb5 Re4+ 36. Kf3 Red4 37. Ke2 Re4+
38. Kf3 Red4 39. Rxc8 Rxc8 40. Bxa6 Rc6 41. Ke3 Rdd6 42. Bb7 Rc4 43. b5 Ra4 44.
a6 Ra3 45. Bc6 Rd8 46. Rd2 Kd6 47. Ke2 Kc7 48. Nc5 Rxd2+ 49. Kxd2 e5 50. fxe5
fxe5 51. Nd3 Kd6 52. Ke3 Ra4 53. Kf3 {
1-0 (53) Wang Yue (2709)-Almasi,Z (2726) Ningbo 2011}) 10... Qb6 (10... Nd5) (
10... b4) 11. Nxd7 (11. O-O) (11. Bf4) 11... Nxd7 12. O-O Be7 (12... b4 $11) (
12... c5 $11) 13. Nc3 {Tras larga reflexion} (13. Bf4) (13. Qd3 $5) (13. Be3
$5 {sugerida por Larino tampoco daba nada} c5 (13... b4 14. d5 c5) 14. a5
Qa6 15. Bxb7 Qxb7 16. a6 Qa8 $11 (16... Qc7 $11)) (13. Rd1) 13... b4 (13... O-O
) 14. a5 (14. Ne4 c5 (14... O-O $11) 15. dxc5 Qa6 (15... Nxc5 16. Be3 b3) 16.
Rd1 Nxc5 $11) 14... Qa6 15. Na4 Qxa5 $6 {Esta jugada sino mala es cuando menos
dudosa,Bruzon comento que le parecia muy optimista este a5 y Ca4 y que
pensaba que Ce4 era la normal a lo que debe jugar c5,pero como a Granda le
quedaba poco tiempo penso que tormar no era malo y que quizas se poda
defender,en la retransmision Cheparinov lo consideraba malo para negras y
que no era ni siquiera un sacrificio.} (15... c5 16. Bxb7 Qxb7 17. Nxc5 Nxc5
18. dxc5 Bxc5 $11) 16. Be3 $14 Qb5 17. Nc5 Nxc5 (17... Bxc5 18. dxc5 a5 19. b3
$14 {Las blancas tienen buena compensacion}) 18. dxc5 Ba6 $5 (18... O-O 19.
Be4 $1) (18... a5 19. Be4 Qa6 20. Ra4 $16) 19. Rfd1 (19. Bf3 $5) 19... O-O $2 (
19... Qb7 $14) (19... Bf6 $14) 20. Be4 $16 Qxe2 21. Rd2 (21. Bxh7+ Kh8 22. Rxa6
$5 (22. Rd2) 22... Qxa6 23. Bd3 Qa2 $1 24. Qe2 Kg8 $44) 21... Qc4 22. Bxh7+ Kh8
23. Rd4 (23. b3 Qxc2 24. Bxc2 Bb5 25. Rxa7 $14) 23... Qxc2 (23... Qe2 24. Rd2
Qc4 25. b3) 24. Bxc2 Bb5 25. Rxa7 {Las blancas recuperan el peon con buena
ventaja por las debilidades de b4-c6 y piezas mas activas.} Bf6 26. Rxb4 {
peon de mas para el blanco} Ra8 27. Ra3 (27. Rd7 $1 Rfb8 (27... Rad8 28.
Rb7 $16) 28. h4 $1 $16 (28. Rxf7 Ra1+ 29. Kg2 Kg8 (29... Bf1+ 30. Kf3 Rxb4 31.
Rf8#) 30. Rxb5 Rxb5 31. Rc7 Rxb2 32. Be4 $16)) 27... Kg8 (27... Rfd8 $14) 28.
Kg2 Rfd8 29. h4 (29. Be4) 29... Rab8 30. Rab3 Ra8 31. Ra3 Rab8 32. Kh2 {
ambos jugadores estaban apurados de tiempo} g6 $6 (32... Ra8) 33. Bf4 (33. Ba4
$16) 33... Rb7 34. Bd3 $1 Be7 35. Be3 Rd5 $2 36. Rc3 (36. Rxb5 cxb5 37. Be4 Kg7
38. Bxd5 exd5 39. Ra8 $18) 36... Ba6 37. Rxb7 Bxb7 38. Rb3 (38. b4) 38... Rd7
39. Be4 f5 40. Bd3 Kf7 41. Bc4 Bf6 42. Kg2 Be7 {y una vez pasado el control
Bruzon no quiso sufrir mas,auqnue solo hay un peon la ventaja blanca es
muy grande.} 1-0